Normal view
MARC view
- Grag Parry
Entry Personal Name
001 - CONTROL NUMBER
- control field: 127217
003 - CONTROL NUMBER IDENTIFIER
- control field: NUST
005 - DATE AND TIME OF LATEST TRANSACTION
- control field: 20241220155231.0
008 - FIXED-LENGTH DATA ELEMENTS
- fixed length control field: 241220|| aca||aabn | a|a d
040 ## - CATALOGING SOURCE
- Original cataloging agency: NUST
- Transcribing agency: NUST
100 ## - HEADING--PERSONAL NAME
- Personal name: Grag Parry
670 ## - SOURCE DATA FOUND
- Source citation: Work cat.: (NUST): Grag Parry, Visual Basic 6 in 21 days, 1998.
